[Event "Madrid-chT 1112 Promociones"]
[Site "Madrid"]
[Date "2012.03.25"]
[Round "2.14"]
[White "Martin Duque, Jesus"]
[Black "Garrido Olivares, Ricard"]
[Result "1/2-1/2"]
[WhiteElo "2174"]
[BlackElo "2216"]
[PlyCount "70"]
[EventDate "2012.03.18"]
[EventType "team"]
[EventRounds "2"]
[EventCountry "ESP"]
[SourceTitle "EXT 2014"]
[Source "ChessBase"]
[SourceDate "2013.11.20"]
[SourceVersion "1"]
[SourceVersionDate "2013.11.20"]
[SourceQuality "1"]
[WhiteTeam "Vallecas CDV"]
[BlackTeam "Blanco y Negro"]
[WhiteTeamCountry "ESP"]
[BlackTeamCountry "ESP"]

1. e4 c6 2. d4 d5 3. Nd2 dxe4 4. Nxe4 Nd7 5. Ng5 Ngf6 6. Bd3 e6 7. Qe2 Bd6 8. Bd2 h6 9. N5f3 Qc7 10. 0-0-0 b6 11. Re1 c5 12. Ne5 cxd4 13. f4 0-0 14. Ngf3 Nc5 15. Nxd4 Nxd3+ 16. Qxd3 a6 17. g4 Bb7 18. Rhg1 Rfd8 19. c3 Bc5 20. Kb1 Bxd4 21. cxd4 Nd7 22. g5 h5 23. g6 f5 24. Nxd7 Be4 25. Rxe4 fxe4 26. Qh3 Qxd7 27. Qxh5 Qxd4 28. Qh7+ Kf8 29. Bb4+ Qxb4 30. Qh8+ Ke7 31. Qxg7+ Kd6 32. Qe5+ Ke7 33. Qg7+ Kd6 34. Qe5+ Ke7 35. Qg7+ Kd6 1/2-1/2

[Event "Madrid-chT"]
[Site "Madrid"]
[Date "2011.11.27"]
[Round "3.14"]
[White "Rodriguez Yuste, Marcelo"]
[Black "Garrido Olivares, Ricard"]
[Result "1-0"]
[WhiteElo "2234"]
[BlackElo "2216"]
[PlyCount "95"]
[EventDate "2011.11.13"]
[EventType "team-tourn"]
[EventRounds "14"]
[EventCountry "ESP"]
[SourceTitle "EXT 2013"]
[Source "ChessBase"]
[SourceDate "2012.11.22"]
[SourceVersion "1"]
[SourceVersionDate "2012.11.22"]
[SourceQuality "1"]
[WhiteTeam "Moratalaz"]
[BlackTeam "Blanco y Negro"]
[WhiteTeamCountry "ESP"]
[BlackTeamCountry "ESP"]

1. c4 c6 2. e3 d5 3. f4 Nf6 4. Nf3 Bg4 5. d4 e6 6. Bd3 Ne4 7. 0-0 f5 8. Qb3 Qb6 9. Ne5 Bh5 10. Nc3 Nd7 11. Nxd7 Qxb3 12. axb3 Kxd7 13. c5 Be7 14. Bxe4 fxe4 15. Bd2 Bg6 16. g4 h5 17. g5 h4 18. h3 a6 19. Nd1 Raf8 20. Nf2 e5 21. Ng4 Ke6 22. Nxe5 Kf5 23. Ra4 Bh5 24. Kf2 Ke6 25. Rg1 Rb8 26. Ba5 Bd8 27. Bxd8 Rhxd8 28. Rb4 Rdc8 29. Rb6 Rc7 30. Ra1 Rf8 31. Ra4 Re8 32. Ra1 Kf5 33. g6 Bxg6 34. Rg1 Bh7 35. Rg5+ Kf6 36. Rh5 Bf5 37. Rxh4 g6 38. Kg3 Rg8 39. Ng4+ Kg7 40. Rb4 Bc8 41. Ra4 Rf8 42. Ne5 Re7 43. Ra1 Bf5 44. Kf2 Bc8 45. Rg1 Bf5 46. Rg5 Rf6 47. Ke1 Re8 48. Kd2 1-0